• 首页
  • 本馆介绍
  • 公告通知
  • 最新文献
  • 馆藏检索
  • 电子资源
  • 读者荐购
  • 参考咨询
  • CALIS
  • 我的图书馆
  • 登录
  • 详细信息显示
  • 放入我的书架
  • 预约/预借图书
  • 作者相关作品
  • 分类相关作品
  • 丛书相关作品
  • 出版社相关作品

书目信息

  • 表格格式
  • 工作单格式
  • 卡片格式
题名:
液压与气压传动
    
 
作者: 姜继海 主编
分册:  
出版信息: 北京   高等教育出版社  2002.01
页数: 375页
开本: 26cm
丛书名:
单 册:
中图分类: TH137
科图分类:
主题词: 液压传动
电子资源:
ISBN: 7-04-010170-X
 
 
 
 
 
000 00599nam0 2200205 45
001 0256575788
005 2002061115425540
010    @a7-04-010170-X@dRMB 20.50
100    @a20020611d2002 km y0chiy0120 ea
101 0  @achi
102    @aCN@b110000
200 1  @a液压与气压传动@AYe Ya Yu Qi Ya Chuan Dong@f姜继海等主编@Fjiang ji hai deng zhu bian
210    @a北京@c高等教育出版社@d2002.01
215    @a375页@d26cm
300    @a高等学校机械工程及自动化
606 0  @a液压传动
690    @aTH137@v3
701  0 @a姜继海@Ajiang ji hai@4主编
801  0 @aCN@bPFT@c20020611
905    @a安徽大学@dTH137@eJ510
    
    液压与气压传动/姜继海等主编.-北京:高等教育出版社,2002.01
    375页;26cm
    高等学校机械工程及自动化
    
    ISBN 7-04-010170-X:RMB 20.50
    
●
相关链接 在E读中查询图书 在当当中查询图书 在豆瓣中查询图书


正题名:液压与气压传动     索取号:TH137/J510         预约/预借

序号 登录号 条形码 馆藏地/架位号 状态 备注
1 363136   203631365   自科二线400A/400A自科库 26排1列3层/ [索取号:TH137/J510] 在馆    
2 363137   203631374   自科二线400A/400A自科库 26排1列3层/ [索取号:TH137/J510] 在馆    
3 363138   203631383   自科二线400A/400A自科库 27排1列4层/ [索取号:TH137/J510] 在馆    
河南城建学院图书馆 欢迎您!
大连网信软件有限公司© 版权所有